| 000 | 00856nam a2200253 i 4500 | ||
|---|---|---|---|
| 003 | DO-SdBNP | ||
| 005 | 20230921090400.0 | ||
| 006 | a||||gr|||| 00| 0 | ||
| 007 | ta | ||
| 008 | 230920e2019 dr a|||| |||| 00| 0 spa d | ||
| 020 | _a9789945805765 | ||
| 040 |
_aDO-SdBNP _bspa _cBNPHU _erda |
||
| 082 | 4 |
_222 _bD812r |
|
| 245 | 1 | 0 |
_aReflexiones diarias: _bnuevo comienzo. / _cNorma Margarita Duarte Duarte. |
| 264 | 2 |
_a[San Francisco de Macorís], República Dominicana : _bGrafismo, SRL; _c2019 |
|
| 300 |
_a145 páginas sin numerar : _bIlustraciones ; _c22 cm. |
||
| 336 |
_2rdacontent _atexto _btxt |
||
| 337 |
_2rdamedia _asin mediación _bn |
||
| 338 |
_2rdacarrier _avolumen _bnc |
||
| 524 | _aIncluye datos biográficos de la autora en la página [2]. | ||
| 563 | _aEncuadernación en espiral. | ||
| 590 | _aInventariado 2023 / MF | ||
| 942 |
_2ddc _cLBS1 |
||
| 999 |
_c54870 _d54870 |
||